Curso básico de Bribrí /
Guardado en:
| Autores principales: | , , |
|---|---|
| Formato: | Desconocido |
| Lenguaje: | Spanish |
| Publicado: |
[Lugar de publicación no identificado] :
Editorial de la Universidad de Costa Rica,
1998.
|
| Materias: | |
| Etiquetas: |
Agregar Etiqueta
Sin Etiquetas, Sea el primero en etiquetar este registro!
|
MARC
| LEADER | 000000000a22000000004500 | ||
|---|---|---|---|
| 001 | 003681 | ||
| 020 | |a 997767566 | ||
| 041 | 0 | |a spa | |
| 082 | 0 | 4 | |a 497 |b C758c |
| 100 | 1 | |a Constenla Umaña, Adolfo | |
| 100 | 1 | |a Elizondo Figueroa, Feliciano | |
| 100 | 1 | |a Pereira Mora, Francisco | |
| 245 | 1 | 0 | |a Curso básico de Bribrí / |c Adolfo Constenla Umaña, Feliciano Elizondo Figueroa, Francisco Pereira Mora. |
| 260 | 1 | |a [Lugar de publicación no identificado] : |b Editorial de la Universidad de Costa Rica, |c 1998. | |
| 300 | |a 164 páginas | ||
| 650 | 4 | |a BRIBRI-LENGUAS-TEXTOS | |
| 650 | 4 | |a LENGUAS INDIGENAS | |
| 650 | 4 | |a INDIOS DE COSTA RICA-LENGUAGE | |
| 999 | |c 10150 |d 10150 | ||
| 942 | |c BK |h 497 C758c |2 z | ||
